000 00297nam a22001337a 4500
008 180309b xxu||||| |||| 00| 0 eng d
020 _a9780521422598
041 _aeng
080 _a321
100 _a20
101 _aSHP
245 _aThe Book of The Body Politic
_cPizan ,CH
942 _2udc
_cBK
999 _c44603
_d44603